[Event "Novokuznetsk SFO-ch U15"]
[Site "Novokuznetsk"]
[Date "2014.11.09"]
[Round "8"]
[White "Balzhinimaev, Dondop"]
[Black "Sambyla, Subuday"]
[Result "0-1"]
[WhiteElo "800"]
[BlackElo "800"]
[PlyCount "79"]
[EventDate "2014.11.02"]
[EventType "swiss"]
[EventRounds "9"]
[EventCountry "RUS"]
[SourceTitle "CBM 163 Extra"]
[Source "ChessBase"]
[SourceDate "2014.12.23"]
[SourceVersion "1"]
[SourceVersionDate "2014.12.23"]
[SourceQuality "1"]

1. d4 d5 2. c4 c6 3. Nc3 Nf6 4. Bg5 e6 5. e3 Nbd7 6. Nf3 dxc4 7. Bxc4 Bb4 8. 0-0 Bxc3 9. bxc3 Qa5 10. Qc2 0-0 11. Rac1 c5 12. Bxf6 Nxf6 13. Rfd1 Bd7 14. Qb2 Bc6 15. Be2 Rfd8 16. Ne5 Be4 17. Bf3 Bxf3 18. Nxf3 b6 19. h3 Rac8 20. Ne5 h6 21. c4 Nd7 22. Nxd7 Rxd7 23. d5 exd5 24. Rxd5 Rcd8 25. Rcd1 Qa4 26. Rxd7 Rxd7 27. Rxd7 Qxd7 28. Qc2 a6 29. a4 b5 30. axb5 axb5 31. f3 b4 32. Kf2 Qa7 33. Qe4 b3 34. Qe8+ Kh7 35. Qe4+ g6 36. Qd3 b2 37. Kg3 Qb8+ 38. f4 b1Q 39. Qd7 Qf5 40. Qxf5 0-1

[Event "Novokuznetsk SFO-ch U15"]
[Site "Novokuznetsk"]
[Date "2014.11.04"]
[Round "3"]
[White "Sambyla, Subuday"]
[Black "Petushkov, Aleksei"]
[Result "0-1"]
[WhiteElo "800"]
[BlackElo "1871"]
[PlyCount "58"]
[EventDate "2014.11.02"]
[EventType "swiss"]
[EventRounds "9"]
[EventCountry "RUS"]
[SourceTitle "CBM 163 Extra"]
[Source "ChessBase"]
[SourceDate "2014.12.23"]
[SourceVersion "1"]
[SourceVersionDate "2014.12.23"]
[SourceQuality "1"]

1. d4 Nf6 2. c4 g6 3. Nc3 Bg7 4. e4 d6 5. Nf3 0-0 6. Bd3 e5 7. d5 Nbd7 8. 0-0 a5 9. Be3 b6 10. Nd2 Nc5 11. Bxc5 bxc5 12. f4 exf4 13. Rxf4 Nd7 14. Rf2 Bd4 15. Nf3 Bxf2+ 16. Kxf2 f6 17. Ne2 Ne5 18. Nf4 Qe7 19. Qc2 Rb8 20. h3 Nxf3 21. gxf3 Qe5 22. Ne2 Rxb2 23. Qc1 Bxh3 24. f4 Qd4+ 25. Ke1 Qxd3 26. Qxb2 Qxe4 27. Rc1 Re8 28. Rc2 Bg4 29. Kd1 Qh1+ 0-1

[Event "Novokuznetsk SFO-ch U15"]
[Site "Novokuznetsk"]
[Date "2014.11.03"]
[Round "2"]
[White "Moskvin, Maksim"]
[Black "Sambyla, Subuday"]
[Result "1/2-1/2"]
[WhiteElo "1684"]
[BlackElo "800"]
[PlyCount "61"]
[EventDate "2014.11.02"]
[EventType "swiss"]
[EventRounds "9"]
[EventCountry "RUS"]
[SourceTitle "CBM 163 Extra"]
[Source "ChessBase"]
[SourceDate "2014.12.23"]
[SourceVersion "1"]
[SourceVersionDate "2014.12.23"]
[SourceQuality "1"]

1. e4 c6 2. d4 d5 3. Nc3 e6 4. e5 Nd7 5. f4 c5 6. Be3 Ne7 7. Bd3 Nc6 8. Nf3 cxd4 9. Nxd4 Bc5 10. Nxc6 bxc6 11. Bxc5 Nxc5 12. Rb1 0-0 13. 0-0 f6 14. Qh5 f5 15. Rf3 Rf7 16. Rh3 g6 17. Qh6 Ba6 18. Bxa6 Nxa6 19. Ne2 c5 20. Rf1 Rb8 21. Rff3 Rg7 22. Rfg3 Rbb7 23. a3 Qb6 24. Rb3 Qc6 25. Qh4 Qc8 26. Rhc3 Qf8 27. Qf2 Rgc7 28. Rxb7 Rxb7 29. b3 Qe7 30. h3 Rc7 31. Kh2 1/2-1/2

[Event "Novokuznetsk SFO-ch U15"]
[Site "Novokuznetsk"]
[Date "2014.11.02"]
[Round "1"]
[White "Sambyla, Subuday"]
[Black "Tyatyushkin, Danil"]
[Result "0-1"]
[WhiteElo "800"]
[BlackElo "1831"]
[PlyCount "94"]
[EventDate "2014.11.02"]
[EventType "swiss"]
[EventRounds "9"]
[EventCountry "RUS"]
[SourceTitle "CBM 163 Extra"]
[Source "ChessBase"]
[SourceDate "2014.12.23"]
[SourceVersion "1"]
[SourceVersionDate "2014.12.23"]
[SourceQuality "1"]

1. d4 d5 2. c4 c6 3. Nc3 Nf6 4. Nf3 e6 5. Bg5 Nbd7 6. e3 Be7 7. Bd3 dxc4 8. Bxc4 b5 9. Bd3 Bb7 10. 0-0 0-0 11. Bc2 h6 12. Bh4 b4 13. Ne4 Nxe4 14. Bxe7 Nxf2 15. Rxf2 Qxe7 16. Qd3 g6 17. Raf1 a5 18. Qd2 Ba6 19. Rc1 Rac8 20. Ba4 Bb5 21. Bxb5 cxb5 22. Rff1 Nb6 23. Ne5 Nc4 24. Nxc4 bxc4 25. Rf3 Rc7 26. Rh3 Kg7 27. e4 Qg5 28. Qxg5 hxg5 29. Kf2 f5 30. Re3 Rd8 31. Ke2 Rxd4 32. exf5 exf5 33. h3 Kf6 34. Rc2 Re7 35. Rxe7 Kxe7 36. Ke3 Re4+ 37. Kf3 Ke6 38. Rd2 Re5 39. Rc2 Kd5 40. Rd2+ Kc5 41. Rc2 f4 42. Kg4 Kd4 43. h4 gxh4 44. Kxf4 Rf5+ 45. Kg4 c3 46. bxc3+ bxc3 47. g3 hxg3 0-1